Diseñar el diseño

Bibliographic Details
Main Author: Jones, John Cristopher
Format: Section = Libro
Language:Undetermined
Spanish
Published: Barcelona Gustavo Gili 1985
Subjects:
LEADER 00459nam a2200181Ia 4500
008 240829s9999 xx 000 0 und d
020 |a 84-252-1214-6 
040 |a BIBLIOTECA-RUSB/ 720.0724 J77 
041 |a spa 
082 |a 720.0724 J77 
100 1 |a Jones, John Cristopher 
245 1 0 |a Diseñar el diseño 
260 |a Barcelona  |b Gustavo Gili  |c 1985 
300 |a 335 p. :il. 
650 7 |a ARQUITECTURA-ENSAYOS 
942 |c BK  |2 ddc 
991 |a TEXTO 
999 |c 4961